The Architecture and Engineering of Digital Computer Complexes, Volume 1 /

Gespeichert in:
Bibliographische Detailangaben
1. Verfasser: Beizer, Boris (Verfasst von)
Format: Buch
Sprache:Englisch
Veröffentlicht: New York Plenum Press 1971
Ausgabe:1. vyd.
Schriftenreihe:1. vyd.
Tags: Tag hinzufügen
Keine Tags, Fügen Sie das erste Tag hinzu!

MARC

LEADER 00000nam a22000003a 4500
001 0094563
003 SK-STU
005 20220323145454.6
007 ta
008 220323s ----xo-----e------000-0-----d
040 |a STU  |b slo 
041 0 |a eng  |h eng 
044 |a xxu 
100 1 |a Beizer, Boris  |4 aut 
245 1 0 |a The Architecture and Engineering of Digital Computer Complexes, Volume 1 /  |c aut. Boris Beizer 
246 3 1 |n 1 
250 |a 1. vyd. 
260 |a New York  |b Plenum Press  |c 1971 
300 |a 394 s. 
490 0 |a 1. vyd. 
996 |b 6831  |c I* 6831  |l II680  |s A  |a 24  |w 0094563_0001